Funkcia a postavenie Úradu priemyselného vlastníctva Slovenskej republiky pri ochrane priemyselných práv

Bibliographic Details
Main Author: Mistrík, Ján (Author)
Format: Article
Language:Slovak
ISBN:807160089X
Subjects:

MARC

LEADER 00000nab a2200000 a 4500
001 vtls000689374
003 SK-MaSNL
005 20260304025611.0
008 140328c xo 0 slo
015 |a SNBRA1999/03-03435 
035 |a CLN000041541 
040 |a SNKBUCL  |b slo  |c SNKBUCL  |e AACR2 
041 0 |a slo 
044 |a xo  |c SK 
080 |a 347.779:061.14(437.6)  |2 1997 
100 1 |a Mistrík, Ján  |4 aut  |9 179074 
245 1 0 |a Funkcia a postavenie Úradu priemyselného vlastníctva Slovenskej republiky pri ochrane priemyselných práv  |c Ján Mistrík 
610 1 7 |a Slovensko.  |b Úrad priemyselného vlastníctva  |2 snkbucl  |9 32446 
650 0 7 |a priemyselné vlastníctvo  |2 snkbucl  |9 2699 
650 0 7 |a práva vlastnícke  |2 snkbucl  |9 840982 
650 0 7 |a práva priemyselné  |2 snkbucl  |9 1302103 
655 7 |a články zo zborníkov  |2 snkbucl  |9 166140 
773 0 |t Duševné vlastníctvo v procese transformácie právneho systému  |d Bratislava : Právnická fakulta Univerzity Komenského, 1997  |g S. 250-252  |z 807160089X 
850 |a Slovenská národná knižnica v Martine 
852 |a SNK  |b KIS3GCP 
958 |a SK 
992 |a RZB 
999 |c 2628721  |d 2630651